Cultura y educación. parte histórica /
Guardado en:
| Autor Principal: | |
|---|---|
| Formato: | Libro |
| Publicado: |
Buenos Aires :
Espasa-calpe,
1948
|
| Edición: | 2a. ed. |
| Materias: | |
| Etiquetas: |
Agregar Etiqueta
Sin Etiquetas, Sea el primero en etiquetar este registro!
|
| LEADER | 00541nam a22001935a 4500 | ||
|---|---|---|---|
| 001 | CEM.cems006856 | ||
| 005 | 20060214000000.0 | ||
| 008 | 130507s1948##################000#0#####d | ||
| 003 | CEMS | ||
| 082 | 0 | 4 | |a 370.19 |
| 100 | 1 | |a Spranger, Eduard | |
| 245 | 1 | 0 | |a Cultura y educación. parte histórica / |
| 250 | |a 2a. ed. | ||
| 260 | |a Buenos Aires : |b Espasa-calpe, |c 1948 | ||
| 300 | |a 168 p. | ||
| 653 | |a Educacion | ||
| 653 | |a Educacion y cultura | ||
| 653 | |a Educacion y cultura | ||
| 859 | |a CEMS |b BIB. CEMS - 11 de abril |h 370.19 |i Sp75a2/I |p 3741.75 |t Ej.1 | ||
